000 01908nam0a22003251 4500
001 rc\2697883
005 20250623165039.0
035 _a(NLR Aleph) 006826059
090 _a6494683
_c6494683
100 _a20110915d1933 |||y0rusy50 ca
101 0 _arus
102 _aRU
105 _aa z |||||
200 1 _aО природе структурных изменений во время деформирования металла при повышенных температурах
_eСтруктурный рентгеноанализ явлений при штамповке алюминиевых сплавов
_e[Сборник статей]
_fЕ. Ф. Бахметев, М. Д. Воздвиженский, С. И. Губкин, Г. Ф. Косолапов, Б. М. Ровинский
210 _aМосква
_aЛенинград
_cЦветметиздат
_d1933
_eЛенинград
_gтип. "Кр. печатник"
215 _aОбл., 132 с.
_cил.
_d23х15 см.
225 1 _aТруды Всесоюзного научно-исследовательского института авиационных материалов
_fНКТП СССР. Глав. упр. авиац. пром-сти
_vВып. 1
300 _aПеред загл.: Е. Ф. Бахметев, М. Д. Воздвиженский, С. И. Губкин, Г. Ф. Косолапов и Б. М. Ровинский
320 _aБиблиогр.: "Литература" в конце каждой статьи
702 1 _aГубкин
_bС.И.
_4570
702 1 _aКосолапов
_bГ.Ф.
_4570
702 1 _aРовинский
_bБ.М.
_4570
702 1 _aВоздвиженский
_bМ.Д.
_4570
702 1 _aБахметев
_bЕ.Ф.
_gЕвгений Федорович
_4570
801 0 _aRU
_bNLR
_gpsbo
801 1 _aRU
_bELAR
_2rusmarc
852 _aNLR
_j33-18/443(1)
942 _cBOOK
980 _aNB